Normal view
MARC view
Entry Personal Name
001 - CONTROL NUMBER
- control field: 80110
003 - CONTROL NUMBER IDENTIFIER
- control field: dpl
005 - DATE AND TIME OF LATEST TRANSACTION
- control field: 20250402141126.0
008 - FIXED-LENGTH DATA ELEMENTS
- fixed length control field: 250402|| aca||aabn | a|a d
040 ## - CATALOGING SOURCE
- Original cataloging agency: dpl
- Transcribing agency: dpl
100 ## - HEADING--PERSONAL NAME
- Personal name: Puri, Sidhartha
670 ## - SOURCE DATA FOUND
- Source citation: Work cat.: (dpl)210655: Puri, Sidhartha, Social and Cultural Anthropology, 2024
